| 000 | 00654nam a2200241Ia 4500 | ||
|---|---|---|---|
| 003 | OSt | ||
| 005 | 20220918181356.0 | ||
| 006 | a|||||r|||| 00| 0 | ||
| 007 | ta | ||
| 008 | 220917b |||||||| |||| 00| 0 eng d | ||
| 024 | _a26,996 | ||
| 037 | _cTextual | ||
| 040 |
_aARTS _cARTS _beng |
||
| 041 |
_2eng _aeng |
||
| 082 | _aO111,2J73:g, N6 | ||
| 100 |
_aDutton Richard _958502 |
||
| 245 | 0 |
_aBen Jonson _b authority criticism |
|
| 260 |
_aHamphsire _bMacmillan Press _c1996 |
||
| 300 |
_axxiii,249p. _ccm. |
||
| 650 | _aENGLISH LITERATURE | ||
| 942 |
_hO111,2J73:g, N6 _cTEXL _2CC |
||
| 999 |
_c165495 _d165495 |
||